00927cam a22002651 4500001001300000003000400013005001700017008004100034010001700075035002000092040002600112042001200138043001200150050001600162110006000178245009900238260008000337300003100417440005000448500004300498650002300541650003800564700004200602999001700644pa 67000006 DLC20260227111857.0920221s1966 dcua 000 0 spa  apa 67000006  a(OCoLC)25577119 aDLCcNNC-LdOAkUdDLC apremarc acl-----00aLA543b.C682 aPan American Union.bDepartment of Educational Affairs.10aCorrientes de la educación superior en Américab[por Carlos Tünnermann Bernheim, et al.] aWashington,bDepartmento de Asuntes Educativos Unión Panamericana,c1966. avi, 122 p.billus.c28 cm. 0aCorrientes de la educación en América,v3 aLast paper by R. C. Gibson in English. 0aEducation, Higher. 0aEducation, HigherzLatin America.2 aTünnermann Bernheim, Carlos,d1933- c51600d51600